000 01440namaa22002891 4500
001 174021
003 ES-MaACL
005 20250824074931.0
007 t|
008 100205s1894 sp r |||| | spa d
080 _a78.089.1
100 1 _aDicenta, Joaquín,
_d1863-1917
_944474
245 1 3 _aEl duque de Gandía
_b: drama lírico en tres actos y un epílogo, en verso /
_coriginal de Joaquín Dicenta ; música de los maestros Antonio Llanos y Ruperto Chapí.
250 _a2ª ed.
260 _aMadrid (Pez, 40, Pozas, 2, 2º) :
_bFlorencio Fiscowich, editor, sucsor de Hijos de A. Guillón),
_c1894 (
_eMadrid (Atocha, 100 principal) :
_fImp. de José Rodríguez)
300 _a88 p., 1 h. ;
_c20 cm.
490 1 _aEl teatro : colección de obras dramáticas y líricas
500 _aEn la portada: "Estrenado con extraordinario éxito en el tteatro de La Zarzuela, la noche del 10 de marzo de 1894"
500 _aEn la página 4 de la cubierta, puntos de venta.
500 _aEn la última página, listado de títulos de obras del autor.
500 _aSolo la letra.
700 0 _aLlanos, Antonio.
_972707
700 1 _aChapí, Ruperto,
_d1851-1909
_938014
830 0 3 _aEl teatro: colección de obras dramática y líricas
_9221753
852 _aES-MaACL
_jF-8645(3)
_e.- Enc. hol.
_z.- Enc. en un vol. facticio formando parte de la col. facticia "Teatro español moderno" v. 102
999 _c174021
_d174021